| 000 | 01655nam a22003615i 4500 | ||
|---|---|---|---|
| 999 |
_c27682 _d27653 |
||
| 003 | EG-ScBUE | ||
| 005 | 20191016103712.0 | ||
| 008 | 191016s2001 ua a f b 000 0 ara d | ||
| 017 | _a2001 / 13429 | ||
| 020 | _a9772235226 | ||
| 040 |
_aEG-ScBUE _bara _erda _cEG-ScBUE _dEG-ScBUE |
||
| 043 |
_aa------ _ae------ _aaw----- |
||
| 082 | 0 | 4 |
_a337.51 _bط ر ي _222 |
| 245 | 0 | 0 |
_aطريق الحرير الجديد / _cتحرير د. محمد السيد سليم، د. جابر سعيد عوض، د. نورهان الشيخ. |
| 246 | 3 | 4 | _aNew silk road |
| 264 | 1 |
_aالجيزة، مصر : _bمركز الدراسات الآسيوية، كلية الاقتصاد والعلوم السياسية، جامعة القاهرة، _c2001. |
|
| 300 |
_a208 صفحة : _bإيضاحيات ؛ _c24 سم |
||
| 336 |
_aنص _btxt _2rdacontent |
||
| 337 |
_aبدون وسيط _bn _2rdamedia |
||
| 338 |
_aمجلد _bnc _2rdacarrier |
||
| 504 | _aيشتمل على إرجاعات ببليوجرافية. | ||
| 541 |
_aDr. Gamal Selim ; _cDonation ; |
||
| 651 | 7 |
_aالصين _xأحوال اقتصادية. _2BUEsh _931220 |
|
| 651 | 7 |
_aالصين _xتجارة خارجية. _2BUEsh _927970 |
|
| 651 | 7 |
_aالصين _xعلاقات اقتصادية _zآسيا. _2BUEsh |
|
| 651 | 7 |
_aالصين _xعلاقات اقتصادية _zأوربا. _2BUEsh |
|
| 651 | 7 |
_aالصين _xعلاقات اقتصادية _zالبلاد العربية. _2BUEsh |
|
| 653 |
_bMASPPSS _bBUSBOL _cOctober2019 |
||
| 700 | 1 |
_aسليم، محمد السيد، _eمحرر. |
|
| 700 | 1 |
_aعوض، جابر سعيد، _eمحرر. |
|
| 700 | 1 |
_aالشيخ، نورهان، _eمحرر. |
|
| 942 | _2ddc | ||